Droit natural: devoir religeux. Droit individuel. Droit social. Droit domestique. Droit civil et politique. Droit international
Αποθηκεύτηκε σε:
| Κύριος συγγραφέας: | |
|---|---|
| Μορφή: | Βιβλίο |
| Γλώσσα: | Γαλλικά |
| Έκδοση: |
Bruselas
Albert Dewit
1912
|
| Έκδοση: | 1a. ed |
| Θέματα: | |
| Ετικέτες: |
Προσθήκη ετικέτας
Δεν υπάρχουν, Καταχωρήστε ετικέτα πρώτοι!
|
MARC
| LEADER | 00000cam a2200000 a 4500 | ||
|---|---|---|---|
| 001 | UCD2690 | ||
| 003 | CL-VaPUC | ||
| 008 | 160505e19120000be |||||||||||||||||fre|d | ||
| 082 | 0 | 4 | |a 171.2 |b CAS |2 21 |
| 100 | 0 | |a Castelein, A |e author |9 586046 | |
| 245 | 1 | 0 | |a Droit natural: devoir religeux. Droit individuel. Droit social. Droit domestique. Droit civil et politique. Droit international |
| 250 | |a 1a. ed | ||
| 300 | |a 1029 p | ||
| 942 | |c BK | ||
| 945 | |d 20160505 16:04:00 |a dcastane | ||
| 260 | |a Bruselas |b Albert Dewit |c 1912 | ||
| 650 | 0 | |a Derecho natural |9 255041 | |
| 583 | |a last modification |c 20160505 16:04:00 |k Rodrigo Vera | ||
| 999 | |c 363812 |d 363810 | ||
| 952 | |0 0 |1 0 |3 erd |4 0 |6 171_200000000000000_CAS_1912 |7 0 |8 X |9 476576 |a BIBTEO |b BIBTEO |c TEO_FFR |i 523056K |o 171.2 CAS 1912 |p 523056K |r 2024-01-18 |w 2019-11-24 |y BK_X |z Catalogado en:20160505 |k OFM | ||